000 00296nam a22001217a 4500
082 _a923.6 RIF
100 _aRIFFAT ABBAS
_969353
245 _aABDUL SATTAR EDHI
260 _aLAHORE
_bJUNG PUBLISHER PRESS
_c1996
300 _a228P
650 _aBIOGRAPHY-ABDUL SATTAR EDHI
_969354
942 _cBK
999 _c576679
_d576679